Word Ladder: Razzie Worst Picture II Quiz Stats

 Plays Quiz Updated Feb 27, 2016

Challenge
Share
Tweet
Embed
Score 0/28 Timer 03:00
2 Plays Today
Clue 4-Letter Word % Correct
✗1989 Worst Picture: ______ Trek V: The Final Frontier✗✗ STAR ✗
97.9%
Actor Bean or ConnerySEAN
97.4%
Captain ______, Peter Pan's nemesisHOOK
96.7%
____ Marsh, 'South Park' characterSTAN
94.3%
Cruel and ill-temperedMEAN
93.3%
Scorch the surface of something with intense heatSEAR
93.3%
Sound from a gooseHONK
92.7%
Remain in the same placeSTAY
92.6%
Person who is supposed to be able to see the futureSEER
92.1%
Move from side to sideSWAY
91.9%
Leak slowly through small holesSEEP
91.8%
✗2002 Worst Picture: Swept _______✗ AWAY ✗
91.6%
✗1980 Worst Picture: Can't ______ the Music✗✗ STOP ✗
91.4%
Retail establishmentSHOP
90.6%
Clue 4-Letter Word % Correct
Intone sounds, like a zombieMOAN
89.4%
Thing used for sitting on, such as a chairSEAT
89.2%
ERA, RBI or PPG, e.g.STAT
89.1%
Patriarch of 'King of the Hill'HANK
86.6%
George of the Jungle's elephantSHEP
84.6%
Soil-like material used for gardening and fuelPEAT
82.7%
✗1986 Worst Picture: Under the Cherry _______✗ MOON ✗
80.5%
Golf course numbersPARS
80.2%
Stupid or incompetent personMOOK
78.7%
Attractive or livelyPERT
73.8%
✗1991 Worst Picture: Hudson _______✗ HAWK ✗
73.5%
Hems partnerHAWS
70.4%
✗1987 Worst Picture: Leonard ______ 6✗✗ PART ✗
70.1%
Movie about a talking Jack Russell TerrierPAWS
67.5%

Today's Daily Dose

You're not logged in!

Compare scores with friends on all Sporcle quizzes.
Join for Free
OR
Log In

You Might Also Like...

Show Comments

Extras

Top Quizzes Today


Score Distribution

Your Account Isn't Verified!

In order to create a playlist on Sporcle, you need to verify the email address you used during registration. Go to your Sporcle Settings to finish the process.

Report this User

Report this user for behavior that violates our Community Guidelines.

Details: